عرض عادي
عرض مارك
- المطيري، ثامر فهد
مدخل إسم شخص
001 - رقم الضبط
- حقل الضبط: 35124
003 - معرف رقم الضبط
- حقل الضبط: OSt
005 - تاريخ ووقت أخر عملية
- حقل الضبط: 20130414124814.0
008 - عناصر بيانات ثابتة الطول
- حقل تحكم ثابت الطول: 130414|||a|||||| | ||| d
040 ## - مصدر الفهرسة
- هيئة الفهرسة الأصلية: OSt
- وكالة الكتابة: OSt
100 ## - مدخل -- أسم شخص
- إسم شخص: المطيري، ثامر فهد
670 ## - بيانات المصدر موجوده
- الاستشهاد بالمصدر: Work cat.: (OSt): السبيعي، معيوف مطلق 35123, معلم الطلبة الموهوبين / , 2011
